Hoá học vô cơ Quyển 1 Các nguyên tố s và p
Trình bày nguồn gốc các nguyên tố hoá học, sự phân bố các nguyên tố trên trái đất, sự đối xứng và ứng dụng lí thuyết nhóm trong hoá học vô cơ... Giới thiệu đặc điểm chung, đơn chất, các hợp chất, phức chất, vai trò sinh học của các n...
Gardado en:
| Autor Principal: | |
|---|---|
| Outros autores: | |
| Formato: | Libro |
| Idioma: | Vietnamese |
| Publicado: |
H.
Giáo dục
2015
|
| Edición: | Tái bản lần thứ 3 |
| Những chủ đề: | |
| Các nhãn: |
Engadir etiqueta
Sen Etiquetas, Sexa o primeiro en etiquetar este rexistro!
|
| Thư viện lưu trữ: | Thư viện Trường Đại học Nam Cần Thơ |
|---|
| LEADER | 01723aam a22002538a 4500 | ||
|---|---|---|---|
| 001 | NCT_8330 | ||
| 008 | 160107s2015 ||||||viesd | ||
| 999 | |c 421 |d 421 | ||
| 020 | |a 9786040078902 |c 90000 | ||
| 082 | 0 | 4 | |2 23rd ed. |a 546 |b Đ450/Q.1 |
| 100 | 1 | |a Vũ Đăng Độ | |
| 245 | 1 | 0 | |a Hoá học vô cơ |n Quyển 1 |p Các nguyên tố s và p |c Vũ Đăng Độ, Triệu Thị Nguyệt |
| 250 | |a Tái bản lần thứ 3 | ||
| 260 | |a H. |b Giáo dục |c 2015 | ||
| 300 | |a 378tr. |b hình vẽ, bảng |c 27cm | ||
| 520 | 3 | |a Trình bày nguồn gốc các nguyên tố hoá học, sự phân bố các nguyên tố trên trái đất, sự đối xứng và ứng dụng lí thuyết nhóm trong hoá học vô cơ... Giới thiệu đặc điểm chung, đơn chất, các hợp chất, phức chất, vai trò sinh học của các nguyên tố s và p như hiđro, các nguyên tố nhóm IA, IIA, IIIA, IVA, VA... | |
| 653 | |a Hóa học vô cơ | ||
| 655 | |a Công nghệ Kỹ thuật hóa học | ||
| 700 | 1 | |a Triệu Thị Nguyệt | |
| 942 | |2 ddc |c BK | ||
| 952 | |0 0 |1 0 |2 ddc |4 0 |6 546_000000000000000_Đ450_Q_1 |7 0 |9 2296 |a 000001 |b 000001 |d 2017-10-26 |o 546 Đ450/Q.1 |p MD.08986 |r 2017-10-26 |v 90000.00 |w 2017-10-26 |y BK | ||
| 952 | |0 0 |1 0 |2 ddc |4 0 |6 546_000000000000000_Đ450_Q_1 |7 0 |9 2297 |a 000001 |b 000001 |d 2017-10-26 |l 1 |o 546 Đ450/Q.1 |p MD.08987 |r 2017-11-29 |s 2017-11-15 |v 90000.00 |w 2017-10-26 |y BK | ||
| 952 | |0 0 |1 0 |2 ddc |4 0 |6 546_000000000000000_Đ450_Q_1 |7 0 |9 2298 |a 000001 |b 000001 |d 2017-10-26 |o 546 Đ450/Q.1 |p MD.08988 |r 2017-10-26 |v 90000.00 |w 2017-10-26 |y BK | ||
| 980 | |a Thư viện Trường Đại học Nam Cần Thơ | ||


